00338nam a2200121Ia 4500008004100000020001500041082001600056100001500072245006100087260003900148300000800187650002100195221030s9999 xx 000 0 und d a8129700832 a105.23bJai aA. K. Jain 0aFundamentals of Digital Image Processing cby A. K. Jain bPearson EducaitonaNew Delhic2005 a586 aCSE Departmental